000 00843cab a2200241 4500
001 ABS54859
008 090401t1996 xxu||||| |||| 00| 0 eng d
035 _a(Sirsi) u12588
041 _aeng
245 _aEstates Times survey : residential development
260 _c1996
350 _a0
490 _aEstates Times
_v(1320) 12 April 1996, 11-17(7)
520 _aReviews current land prices, looks at the ways developers are dealing with affordable housing and the concept of urban villages, loft conversions and interest from overseas investors in Central London residential development schemes.
650 _aLAND PRICES
650 _aLOFT CONVERSIONS
650 _aRESIDENTIAL DEVELOPMENT
650 _aRESIDENTIAL LAND PRICES
650 _aURBAN VILLAGES
690 _aBUILT ENVIRONMENT
942 _n0
948 _c04/03/1997
999 _c8046
_d8046